000 00366nam a2200145Ia 4500
005 20251222144810.0
008 251222s9999||||xx |||||||||||||| ||spa||
020 _a970-26-0428-1
082 _a658.15/G49
100 _aGitman, Lawrence J.
245 0 _aPrincipios de Administración Financiera
250 _a10a.ed.
264 _bPearson Educación
942 _cLIB
999 _c20056
_d20056